| 000 | 01405nac a22003377a 4500 | ||
|---|---|---|---|
| 001 | BR8100095 | ||
| 003 | BR-BrBNA | ||
| 005 | 20240105114857.0 | ||
| 008 | 230509b bl.|||m| |||| 00| 0 por d | ||
| 040 |
_aBR-BrBNA _bpor _cBiblioteca Nacional de Agricultura |
||
| 072 | _aF25 | ||
| 090 | _a0170 BR8100095 | ||
| 100 | 1 | _aCordeiro, D.S. | |
| 100 | 1 | _aAlves, J. | |
| 110 | 1 |
_aUnidade de Execucao de Pesquisa de Ambito Estadual de Pelotas, RS (Brasil) _910370 |
|
| 245 | 1 | _aCorrecao e adubacao para o sorgo granifero na regiao sudeste do RS [Fertilizante nitrogenado; Fertilizante fosfatado; Fertilizante potassico; Sorghum bicolor; Rio Grande do Sul; Brasil] | |
| 246 | 1 | _a[Correction and fertilization for grain sorghum in the Southeast region of RS [Nitrogenous fertilizer; Phosphated fertilizer; Potassium fertilizer; Sorghum bicolor; Rio Grande do Sul; Brazil]] | |
| 260 | 3 |
_aPelotas, RS (Brasil): _cMar 1980. |
|
| 300 | _a6 p. | ||
| 490 |
_aComunicado Tecnico - Unidade de Execucao de Pesquisa de Ambito Estadual de Pelotas (Brazil) _vno. 4 _x |
||
| 650 | _aFertilidade do solo | ||
| 650 | _aSorgo granifero | ||
| 650 | _aCorretivo | ||
| 650 | _aFertilizante nitrogenado | ||
| 650 | _aFertilizante fosfatado | ||
| 650 | _aFertilizante potassico | ||
| 650 | _aAdubacao | ||
| 650 | _aRio Grande do Sul | ||
| 909 |
_a202312 _bLúcia Elande _c55 _dLúcia Elande |
||
| 942 |
_2AGRIS _n0 _cMS |
||
| 999 |
_c271811 _d271811 |
||